Word Ladder: Two-Word Terms Loop II Quiz Stats

Quiz Updated Feb 1, 2018

Challenge
Share
Tweet
Embed
Score 0/36 Timer 04:00
0 Plays Today
Clue 4-Letter Word % Correct
Break into, as a computerHACK
98.4%
Musical groupBAND
95.6%
Country singer Williams or slugger AaronHANK
94.9%
• [Rung 4][Rung 8]: User's manual •
or Something you might lend
• HAND •
93.4%
• [Rung 24][Rung 27]: Stadium event •
or Cinderella's event
• BALL •
93.1%
Wall Street purchaseBOND
92.9%
Strong sticky adhesiveGLUE
91.5%
IdenticalSAME
91.2%
Hit on the headBONK
90.8%
A few but not allSOME
90.6%
Cotton or hay bundleBALE
90.4%
• [Rung 8][Rung 12]: Oprah's reading group •
or Make a reservation
• BOOK •
90.1%
Turnpike feeTOLL
89.4%
Chimney grimeSOOT
89.3%
Strong windGALE
88.9%
Starbucks orderTALL
88.2%
• [Rung 27][Rung 36]: What color commentators cover •
or Hunter's pursuit
• GAME •
87.6%
• [Rung 1][Rung 4]: Tennis stroke •
or Support financially
• BACK •
86.1%
Clue 4-Letter Word % Correct
Irritated; achySORE
85.3%
Prepare to do laundrySORT
85.1%
Pirate's bootyLOOT
81.6%
You're looking at itCLUE
80.6%
• [Rung 12][Rung 19]: Deformity with rotated ankles •
or Layered sandwich
• CLUB •
80.4%
Shed itemTOOL
79.5%
• [Rung 19][Rung 24]: Pigskin •
or Stocking stuffer
• FOOT •
78.5%
Blockhead; simpletonFOOL
78.3%
StorylinePLOT
77.6%
Schedule openingSLOT
76.5%
Stuff; gorgeGLUT
75.3%
• [Rung 36][Rung 1]: Listen to, as a recording •
or Broadway production
• PLAY •
74.2%
Amorphous massBLOB
73.8%
Deceptive or tricky maneuverPLOY
72.3%
Knucklehead; doofusBOOB
71.6%
Joint inflammationGOUT
71.6%
Sob childishlyBLUB
70.4%
Knucklehead; barbarianLOUT
68.3%

Today's Daily Dose

Word Ladder
Paul Newman

On This Day
April 21st II

You're not logged in!

Compare scores with friends on all Sporcle quizzes.
Sign Up with Email
OR
Log In

You Might Also Like...

Show Comments

Extras

Top Quizzes Today


Score Distribution

Your Account Isn't Verified!

In order to create a playlist on Sporcle, you need to verify the email address you used during registration. Go to your Sporcle Settings to finish the process.

Report this User

Report this user for behavior that violates our Community Guidelines.

Details: